000 00643nam a22002177a 4500
003 UA-OsUOA
001 76452
007 ta
008 20110705b un ||||| |||| 00| 0 ukr d
100 _aМеленчук О.
090 _a82
_bМ47
942 _cSA
040 _aUA-OsUOA
_bukr
_cUA-OsUOA
_dUA-OsUOA
245 _aКоментування персоналій у листувані та щоденнику Т. Шевченка: досвід С. Єфремова
300 _aС.65-73
955 _a0
041 _aukr
080 _a82
773 0 _w76448
650 7 _a82 Література. Літературознавство
_2UDC
999 _c362754
_d362754